| 000 | 00737cam a2200193 i 4500 | ||
|---|---|---|---|
| 005 | 20251117095828.0 | ||
| 008 | 250721s2009 jo gr 000 0 ara d | ||
| 082 | 1 | 4 |
_a210.4236137 _bل ا ف |
| 100 | 1 |
_aلافي، إحسان محمد علي _eمؤلف. |
|
| 245 | 1 | 2 |
_aالعمل التطوعي من منظور التربية الإسلامية / _cإحسان محمد علي لافي. |
| 250 | _aالطبعة الأولى. | ||
| 264 | 3 | 1 |
_aعمان : _bدار النفائس للنشر و التوزيع، _c2009. |
| 300 | _a160 صفحة. | ||
| 650 | 1 | 7 | _aالخدمه الاجتماعيه. |
| 650 | 1 | 7 | _aالتربيه الاسلاميه. |
| 650 | 1 | 7 | _aالعمل الخيري. |
| 942 |
_2ddc _cBK |
||
| 999 |
_c1816 _d1816 |
||